Państwa, których walutą jest rial - Statystyki

Ogólne statystyki
  • Ten quiz został rozwiązany 24 razy
  • Średni wynik to 4 z 5
Statystyki odpowiedzi
Państwo % Poprawnych
Jemen
95%
Arabia Saudyjska
91%
Oman
91%
Iran
82%
Katar
82%
Nie znaleziono quizów pasujących do podanych kryteriów
Rozkład punktacji
Procent ludzi z każdym wynikiem
Percentyl według liczby udzielonych odpowiedzi
Twoja historia wyników
Nie rozwiązałeś tego quizu